Online
Catalog

Guía procedimental y otros aspectos legales, ante los tribunales de la jurisdicción inmobiliaria / (Record no. 60167)

MARC details
000 -CABECERA
campo de control de longitud fija 02671nam a2200361 i 4500
003 - IDENTIFICADOR DEL NÚMERO DE CONTROL
campo de control DO-SdBNP
005 - FECHA Y HORA DE LA ÚLTIMA TRANSACCIÓN
campo de control 20260302120950.0
007 - CAMPO FIJO DE DESCRIPCIÓN FÍSICA--INFORMACIÓN GENERAL
campo de control de longitud fija ta
008 - DATOS DE LONGITUD FIJA--INFORMACIÓN GENERAL
campo de control de longitud fija 260130b2024 dr ||||| |||| 00| 0 spa d
020 ## - NÚMERO INTERNACIONAL ESTÁNDAR DEL LIBRO
Número Internacional Estándar del Libro 9789945505276 (v.1)
020 ## - NÚMERO INTERNACIONAL ESTÁNDAR DEL LIBRO
Número Internacional Estándar del Libro 9789945481785 (v.2)
040 ## - FUENTE DE LA CATALOGACIÓN
Centro catalogador/agencia de origen DO-SdBNP
Lengua de catalogación spa
Centro/agencia transcriptor BNPHU
Normas de descripción rda
041 ## - CÓDIGO DE LENGUA
Código de lengua del texto/banda sonora o título independiente spa
082 #4 - NÚMERO DE LA CLASIFICACIÓN DECIMAL DEWEY
Número de clasificación 347.729305
Número de documento/Ítem G934g
Número de edición 22
100 1# - ENTRADA PRINCIPAL--NOMBRE DE PERSONA
Nombre de persona Guerrero Bautista, Fabio,
Código de función/relación aut.
Término indicativo de función/relación autor
9 (RLIN) 88928
245 10 - MENCIÓN DE TÍTULO
Título Guía procedimental y otros aspectos legales, ante los tribunales de la jurisdicción inmobiliaria /
Mención de responsabilidad, etc. Fabio Guerrero Bautista.
264 #4 - PRODUCCIÓN, PUBLICACIÓN, DISTRIBUCIÓN, FABRICACIÓN Y COPYRIGHT
Producción, publicación, distribución, fabricación y copyright Santo Domingo, República Dominicana :
Nombre del de productor, editor, distribuidor, fabricante Editora Centenario, S. R. L.,
Fecha de producción, publicación, distribución, fabricación o copyright ©2024.
300 ## - DESCRIPCIÓN FÍSICA
Extensión 2 volúmenes ;
Dimensiones 24 cm.
336 ## - TIPO DE CONTENIDO
Término de tipo de contenido texto
Código de tipo de contenido txt
Fuente rdacontent
337 ## - TIPO DE MEDIO
Nombre/término del tipo de medio sin mediación
Código del tipo de medio n
Fuente rdamedia
338 ## - TIPO DE SOPORTE
Nombre/término del tipo de soporte volumen
Código del tipo de soporte nc
Fuente rdacarrier
500 ## - NOTA GENERAL
Nota general Incluye datos biográficos del autor en la contracubierta
500 ## - NOTA GENERAL
Nota general Corregida, ampliada y trozos jurisprudenciales
504 ## - NOTA DE BIBLIOGRAFÍA, ETC.
Nota de bibliografía, etc. Bibliografía: páginas 2413-2421
505 ## - NOTA DE CONTENIDO CON FORMATO
Nota de contenido con formato v.1 Introducción, 7 -- Tema1. Garantía de un buen sistema, 39 -- Tema 2. La competencia, 81 -- Tema 3. Estructura orgánica de los órganos de la jurisdicción inmobiliaria, 351 Tema 4. Principios de legalidad; y el orden jurídico en los tribunales inmobiliarios, 395 -- Tema 5. De la publicidad inmobiliaria, 459 -- Tema 6. Posesión y las acciones posesorias, 493 – Tema 7. El saneamiento y su procedimiento, 581 -- Tema 8. El registro de títulos, 677 -- Tema 9. El desalojo, 759 -- Tema 10. Las litis en derechos o terrenos registrados, 785
505 ## - NOTA DE CONTENIDO CON FORMATO
Nota de contenido con formato v.2 Tema 11. Recursos contra actuaciones administrativas en la jurisdicción inmobiliaria, 1221 -- Temas 12. El recurso de revisión por error material, 1327 -- Tema13. Recursos contra las decisiones jurisdiccionales, 1359 --Tema 14. El referimiento, 1583 -- Tema 15 Desistimiento, perención, caducidad y prescripción de instancia, 1695 -- Tema 16. Teorías de las pruebas1739 -- Tema 17. Teoría de la nulidades de los actos de transferencias, 1869 -- Tema 18. Determinación de herederos participación, 1941 -- Tema 19 Del reglamento del régimen de condominio, 2157 -- Tema 20. La acción penal, 2203 -- -- Tema 21. Glosario de conceptos inmobiliario, 2251 -- Tema 22. Los formularios en materia inmobiliaria, 2311 -- Tema 23. Conclusiones, 2351 --
590 ## - NOTA LOCAL (RLIN)
Nota local Inventariado, 2026 /LP
650 ## - PUNTO DE ACCESO ADICIONAL DE MATERIA--TÉRMINO DE MATERIA
Término de materia o nombre geográfico como elemento de entrada Procedimiento civil
Subdivisión geográfica República Dominicana
9 (RLIN) 16575
650 #7 - PUNTO DE ACCESO ADICIONAL DE MATERIA--TÉRMINO DE MATERIA
Término de materia o nombre geográfico como elemento de entrada Propiedad inmueble
Subdivisión geográfica República Dominicana
Fuente del encabezamiento o término LIBRUNAM
9 (RLIN) 89099
650 #7 - PUNTO DE ACCESO ADICIONAL DE MATERIA--TÉRMINO DE MATERIA
Término de materia o nombre geográfico como elemento de entrada Acciones y defensas
Subdivisión general Leyes y legislación
Subdivisión geográfica República Dominicana
Fuente del encabezamiento o término LIBRUNAM
9 (RLIN) 89100
910 ## - DATOS DE OPCIÓN DEL USUARIO (OCLC)
Datos de opción del usuario LP
942 ## - ELEMENTOS DE PUNTO DE ACCESO ADICIONAL (KOHA)
Fuente del sistema de clasificación o colocación Dewey Decimal Classification
Tipo de ítem Koha Libro
Holdings
Estado de retiro Estado de pérdida Fuente del sistema de clasificación o colocación Restricciones de uso No para préstamo Código de colección Localización permanente Ubicación/localización actual Ubicación en estantería Fecha de adquisición Fuente de adquisición Total de préstamos Signatura topográfica completa Código de barras Fecha visto por última vez Número de copia Precio válido a partir de Tipo de ítem Koha
    Dewey Decimal Classification Excluido de préstamo   Patrimonio Dominicano Biblioteca Nacional Pedro Henríquez Ureña Biblioteca Nacional Pedro Henríquez Ureña Depósito 13.08.2025 Depósito Legal   BNHU PD 347.729305 G934g 2026-0497 30.01.2026 v.1 30.01.2026 Libro
    Dewey Decimal Classification Excluido de préstamo   Patrimonio Dominicano Biblioteca Nacional Pedro Henríquez Ureña Biblioteca Nacional Pedro Henríquez Ureña Depósito 13.08.2025 Depósito Legal   BNHU PD 347.729305 G934g 2026-0498 30.01.2026 v.1, e.2 30.01.2026 Libro
    Dewey Decimal Classification Préstamo en sala   Dominicana de Servicio Biblioteca Nacional Pedro Henríquez Ureña Biblioteca Nacional Pedro Henríquez Ureña Depósito 13.08.2025 Depósito Legal   BNHU DS 347.729305 G934g 2026-0499 30.01.2026 v.1, e.3 30.01.2026 Libro
    Dewey Decimal Classification Excluido de préstamo   Patrimonio Dominicano Biblioteca Nacional Pedro Henríquez Ureña Biblioteca Nacional Pedro Henríquez Ureña Depósito 13.08.2025 Depósito Legal   BNHU PD 347.729305 G934g 2026-0500 30.01.2026 v.2 30.01.2026 Libro
    Dewey Decimal Classification Excluido de préstamo   Patrimonio Dominicano Biblioteca Nacional Pedro Henríquez Ureña Biblioteca Nacional Pedro Henríquez Ureña Depósito 13.08.2025 Depósito Legal   BNHU PD 347.729305 G934g 2026-0501 30.01.2026 v.2, e.2 30.01.2026 Libro
    Dewey Decimal Classification Préstamo en sala   Dominicana de Servicio Biblioteca Nacional Pedro Henríquez Ureña Biblioteca Nacional Pedro Henríquez Ureña Depósito 13.08.2025 Depósito Legal   BNHU DS 347.729305 G934g 2026-0502 30.01.2026 v.2, e.3 30.01.2026 Libro

Powered by Koha